| 000 | 00433nam a2200181Ia 4500 | ||
|---|---|---|---|
| 008 | 210210b1964 xxu||||| |||| 00| 0 eng d | ||
| 041 | _aeng | ||
| 082 | _a425/269 | ||
| 100 | _aSCHMITZ (R M) | ||
| 245 | _aPreparing the research paper | ||
| 260 |
_aNew York _bHolt Renehart & Winston _c1964 |
||
| 650 | _athe | ||
| 650 | _aresearch | ||
| 650 | _aPreparing | ||
| 650 | _apaper | ||
| 690 | _aEnglish Language | ||
| 906 | _a006045 | ||
| 999 |
_c129076 _d129076 |
||